| 000 | 02384nam0a2200421 4500 | ||
|---|---|---|---|
| 001 | RU\NLR\BIBL_A\022766310 | ||
| 005 | 20260531093312.0 | ||
| 010 | _a978-5-86002-262-1 | ||
| 021 |
_aRU _bКН-П-26-008233 _9КН-П-26-0789 |
||
| 035 | _a(NLR Aleph) 022766310 | ||
| 090 |
_a13715183 _c13715183 |
||
| 100 | _a20260326d2019 u y0rusy50 ca | ||
| 101 | 0 | _arus | |
| 102 | _aRU | ||
| 105 | _ay z 000yy | ||
| 181 | 0 |
_ai _baxxe |
|
| 182 | 0 | _an | |
| 200 | 1 |
_aИсследование факторов риска и хронификации расстройств аффективного и шизофренического спектров _eаналитический обзор _fХолмогорова А. Б., Рычкова О. В., Довженко Т. В. [и др.] _gФГБУ "Национальный медицинский исследовательский центр психиатрии и наркологии имени В. П. Сербского" Министерства здравоохранения Российской Федерации |
|
| 203 |
_aТекст _bвизуальный _cнепосредственный |
||
| 210 |
_aМосква _cНМИЦПН им. В. П. Сербского Минздрава России _d2019 (печ. 2020) |
||
| 215 |
_a220 с. _d21 |
||
| 225 | 1 |
_aПсихиатрия _v227 |
|
| 300 | _aАвт. указаны на обороте тит. с. | ||
| 320 | _aБиблиогр. в конце гл. | ||
| 606 | 1 |
_aШизофренического спектра расстройства _xРиск _92710911 _3RU\NLR\AUTH\6601771125 |
|
| 606 | 1 |
_aАффективные психозы _xРиск _92710912 _3RU\NLR\AUTH\6601771126 |
|
| 686 | 1 | _aР645.90-1 | |
| 686 | 1 | _aР64-323.11 | |
| 686 | 1 | _aР11(2)062.61 | |
| 701 | 1 |
_aХолмогорова _bА. Б. _gАлла Борисовна |
|
| 701 | 1 |
_aРычкова _bО. В. _gОльга Валентиновна |
|
| 701 | 1 |
_aДовженко _bТ. В. _gТатьяна Викторовна |
|
| 712 | 0 | 2 |
_4475 _aНациональный медицинский исследовательский центр психиатрии и наркологии им. В. П. Сербского _cМосква _9580352 _3RU\NLR\AUTH\880458683 |
| 942 | _cBOOK | ||
| 980 | _aNB | ||